00656cam a2200193 i 4500999001900000001000900019005001700028008004100045020003700086040001300123082002300136100002800159245008200187260003800269300002500307650001300332942000700345952011000352 c125759d1257591801943120220312101048.0140127s2014 nju b 001 0 eng  a9789814583817 (pbk : alk. paper) cPK-LaUMT00a514.076223bMOR-I1 aMortad, Mohammed Hichem10aIntroductory topology :bexercises and solutions /cby Mohammed Hichem Mortad aLondon :bWorld Scientific,c2014 axiv, 246 p. ;c23 cm 0aTopology cBK 00104070a01b01d2022-03-12l5o514.076 MOR-Ip142091r2024-01-23 00:00:00s2024-01-16w2022-03-12yBK